Vlani bolo menej krádeží, viac lúpeží a vrážd.

Správa generálnej prokuratúry o porušovaní zákonov na Slovensku v roku 2001. Majetková kriminalita. Násilná kriminalita. Organizovaný zločin. Kriminalita proti poriadku vo verejných veciach. Vývoj počtu stíhaných osôb v SR. Stíhaní cudzinci v SR v roku 2001.

Guardado en:
Detalles Bibliográficos
Autor principal: Ďurianová, Alica
Formato: Capítulo de libro
Lenguaje:eslovaco
Materias:
Etiquetas: Agregar Etiqueta
Sin Etiquetas, Sea el primero en etiquetar este registro!

MARC

LEADER 00000naa a2200000 4500
001 r045790
005 20230925125825.8
041 0 |a slo 
044 |a SK 
245 1 0 |a Vlani bolo menej krádeží, viac lúpeží a vrážd.  |c Alica Ďurianová 
520 |a Správa generálnej prokuratúry o porušovaní zákonov na Slovensku v roku 2001. Majetková kriminalita. Násilná kriminalita. Organizovaný zločin. Kriminalita proti poriadku vo verejných veciach. Vývoj počtu stíhaných osôb v SR. Stíhaní cudzinci v SR v roku 2001. 
610 2 0 |a kriminalita 
610 2 0 |a štatistika celoštátna 
610 2 0 |a vývoj spoločenský 
610 2 0 |a cudzinci 
610 2 0 |a 2001 
610 2 0 |a Slovensko 
100 1 |a Ďurianová, Alica